000 00634nam a2200217 4500
001 127399
003 ES-MaACL
005 20230906193017.0
007 t|
008 070214s1952 sp r ||||1| spa d
100 1 _aRichter, Hans Werner.
_996977
245 1 0 _aDestinos rotos
_b: novela /
_cHans Werner Richter ; [traducción del alemán por Enrique Cervantes].
250 _a1ª ed.
260 _aBarcelona :
_bPlaneta,
_c1952.
300 _a493 p. ;
_c21 cm.
490 1 _aOmnibus
700 1 _aCervantes, Enrique.
_937582
830 0 _aOmnibus
_9177342
852 _aES-MaACL
_jC-5777
_bR.34076
999 _c127399
_d127399